Poľnohospodárská stavba a jej vplyv na tvorbu a ochranu životného prostredia

Enregistré dans:
Détails bibliographiques
Format: Livre
Langue:slovaque
Publié: Banská Bystrica Dom techniky ČSVTS 1982
Tags: Ajouter un tag
Pas de tags, Soyez le premier à ajouter un tag!

MARC

LEADER 00000nam a2200000 4500
001 c130593
005 20041019155249.8
041 0 |a slo 
044 |a SK 
245 1 0 |a Poľnohospodárská stavba a jej vplyv na tvorbu a ochranu životného prostredia 
264 1 |a Banská Bystrica  |b Dom techniky ČSVTS  |c 1982 
300 |a 116 s.